00826nam a22002295i 4500001000700000003000900007005001700016008004100033040002000074080001900094100001900113240002700132245005100159260004300210300002200253490005000275595002300325830005800348852004900406999001900455952012200474155540ES-MaACL20230906210121.0040726b1927 gw |||| | ger d aCAM bspa cCAM a821.14-13"-08"0 aHomero.96411213aLa Odiesea. lAlemán10aOdysse / cHomerus ; Von Johann Heinrich Voss. aLeipzig : bPhilipp Reclam., c[1927?] a327 p. ; c14 cm.1 aHomers Werke / von Johann Heinrich Voss ; v2 aAbdr. der 1. Ausg.0 aHomers Werke / von Johann Heinrich Voss ; v29221573 aES-MaACLjE-1243 z-- Enc. editorial en tela c155540d155540 00104070aATENEOMbATENEOMcDEPO2d2008-01-17eSSCl0oE-1243p1162698r2023-02-23 00:00:00w2023-02-23yMONOGRAFIA